[Event "ROM-ch U08"]
[Site "Calimanesti"]
[Date "2015.04.04"]
[Round "7"]
[White "Magold, Filip"]
[Black "Chiculita, Cristian"]
[Result "1/2-1/2"]
[WhiteElo "1030"]
[BlackElo "1100"]
[PlyCount "110"]
[EventDate "2015.03.30"]
[EventType "swiss"]
[EventRounds "9"]
[EventCountry "ROU"]
[SourceTitle "CBM 165 Extra"]
[Source "ChessBase"]
[SourceDate "2015.04.21"]
[SourceVersion "1"]
[SourceVersionDate "2015.04.21"]
[SourceQuality "1"]

1. d4 d5 2. c4 e6 3. Nc3 Nf6 4. Bf4 Bb4 5. Qc2 c5 6. a3 Bxc3+ 7. Qxc3 Ne4 8. Qe3 Qa5+ 9. Kd1 Nc6 10. dxc5 Qxc5 11. Qxc5 Nxc5 12. Be3 Ne4 13. Nf3 f5 14. Bf4 Nxf2+ 15. Ke1 Nxh1 16. cxd5 exd5 17. Rd1 Be6 18. Ng5 Bg8 19. g3 h6 20. Nf3 0-0-0 21. Bh3 Bh7 22. Rc1 Kd7 23. Kf1 Nxg3+ 24. Bxg3 Ke8 25. Nh4 g6 26. Nf3 g5 27. Ne5 f4 28. Nxc6 bxc6 29. Bf2 a6 30. Rxc6 a5 31. Re6+ Kf7 32. Bd4 Rhe8 33. Rf6+ Ke7 34. Bg4 Rf8 35. Rxh6 Rf7 36. Bc5+ Ke8 37. Bh5 Rc8 38. Re6+ Kd8 39. Bb6+ Kd7 40. Bxf7 Rf8 41. Bxa5 Rxf7 42. Rb6 Kc8 43. Rc6+ Kb8 44. Rd6 Rf5 45. Rd7 Bg6 46. Bc7+ Ka8 47. Re7 Rf7 48. Rxf7 Bxf7 49. a4 Kb7 50. Be5 Be8 51. a5 Ka6 52. Bf6 g4 53. Kg2 Kb5 54. h3 gxh3+ 55. Kxh3 Kxa5 1/2-1/2